ARRUPE JESUIT UNIVERSITY

CORONAVIRUS -STOP THE SPREAD - CLEAN,DISINFECT,COVER

Mythes, rêves et mystères. (Record no. 127372)

MARC details
000 -LEADER
fixed length control field 00749cam a22002651 4500
001 - CONTROL NUMBER
control field 9813711
003 - CONTROL NUMBER IDENTIFIER
control field ARRUPE
005 - DATE AND TIME OF LATEST TRANSACTION
control field 20180112105828.0
008 - FIXED-LENGTH DATA ELEMENTS--GENERAL INFORMATION
fixed length control field 790511s1957 fr 000 0 fre
010 ## - LIBRARY OF CONGRESS CONTROL NUMBER
LC control number 57040943
035 ## - SYSTEM CONTROL NUMBER
System control number (OCoLC)4951806
040 ## - CATALOGING SOURCE
Original cataloging agency DLC
Transcribing agency KyLoU
Modifying agency OCoLC
-- DLC
042 ## - AUTHENTICATION CODE
Authentication code premarc
050 00 - LIBRARY OF CONGRESS CALL NUMBER
Classification number BL304
Item number .E43
300 ## - PHYSICAL DESCRIPTION
Dimensions 19 cm.
100 1# - MAIN ENTRY--PERSONAL NAME
Personal name Eliade, Mircea,
Dates associated with a name 1907-1986.
9 (RLIN) 38431
245 10 - TITLE STATEMENT
Title Mythes, rêves et mystères.
Statement of responsibility, etc Mircea Eliade
260 ## - PUBLICATION, DISTRIBUTION, ETC. (IMPRINT)
Place of publication, distribution, etc Paris
Name of publisher, distributor, etc Gallimard
Date of publication, distribution, etc 1957
300 ## - PHYSICAL DESCRIPTION
Extent 310 p.
490 0# - SERIES STATEMENT
Series statement Les Essais,
Volume number/sequential designation 84
650 #0 - SUBJECT ADDED ENTRY--TOPICAL TERM
Topical term or geographic name as entry element Myth
9 (RLIN) 11758
650 #0 - SUBJECT ADDED ENTRY--TOPICAL TERM
Topical term or geographic name as entry element Mysteries, Religious.
9 (RLIN) 38432
650 #0 - SUBJECT ADDED ENTRY--TOPICAL TERM
Topical term or geographic name as entry element Symbolism
9 (RLIN) 38433
906 ## - LOCAL DATA ELEMENT F, LDF (RLIN)
a 7
b cbc
c oclcrpl
d u
e ncip
f 19
g y-gencatlg
942 ## - ADDED ENTRY ELEMENTS (KOHA)
Source of classification or shelving scheme Library of Congress Classification
Koha item type Monograph ( Printed materials)
Holdings
Withdrawn status Lost status Source of classification or shelving scheme Damaged status Not for loan Collection code Home library Current library Shelving location Date acquired Total Checkouts Full call number Barcode Date last seen Price effective from Koha item type
    Library of Congress Classification     Main Collection ARRUPE LIBRARY ARRUPE LIBRARY Main Collection 12/01/2018   BL304 .E43 46600001163 12/01/2018 12/01/2018 Monograph ( Printed materials)

 

Arrupe Library. PO Box MP320 Mt Pleasant, Harare, Zimbabwe
263 242 745411|librarian@aju.ac.zw